Fenntarthatóság a rendezvényszervezésben
| Szerző: | |
|---|---|
| További közreműködők: | |
| Dokumentumtípus: | Projektmunka |
| Kulcsszavak: | cserkész digitalizáció fenntarthatóság környezettudatosság rendezvényszervezés |
| Online Access: | http://dolgozattar.uni-bge.hu/60180 |
MARC
| LEADER | 00000nnm a2200000 i 4500 | ||
|---|---|---|---|
| 001 | dolg60180 | ||
| 005 | 20260409150108.0 | ||
| 008 | 260409suuuu hu o 000 hun d | ||
| 040 | |a BGE Dolgozattár Repozitórium |b hun | ||
| 041 | |a hu | ||
| 100 | 1 | |a Lápossy Csenge Bernadett | |
| 245 | 1 | 0 | |a Fenntarthatóság a rendezvényszervezésben |c Lápossy Csenge Bernadett |h [elektronikus dokumentum] |
| 516 | |a Project_work | ||
| 520 | 3 | |a A projektmunka célja a fenntartható rendezvényszervezés kérdéseinek alapos vizsgálata volt, figyelembe véve a környezeti, gazdasági és társadalmi hatásokat. A dolgozat hangsúlyozta a fenntarthatóság fontosságát a rendezvényszervezés során, beleértve a környezetbarát gyakorlatok alkalmazását és a közösségek bevonását. A kutatásban alkalmazott kérdőíves és közösségi médiás elemzések eredményei rámutattak arra, hogy bár a fenntarthatóság iránti érdeklődés növekvő tendenciát mutat, a felhasználók aktív részvétele és a tudatosság mértéke még nem éri el a kívánt szintet, ami arra utal, hogy további edukációra és ösztönzésre van szükség a fenntartható rendezvényekkel kapcsolatban. A dolgozatból az is látszik, hogy a fenntartható rendezvények nemcsak környezeti előnyökkel járnak, hanem gazdaságilag is fenntarthatóbbá teszik az iparágat, javítva az erőforrások hatékony felhasználását. A fenntartható rendezvényszervezés nem csupán környezeti hatékonyságot biztosít, hanem hozzájárul a társadalmi felelősségvállaláshoz és a gazdasági fejlődéshez. A dolgozat végül arra jutott, hogy a jövőben a rendezvényszervezőknek még inkább be kell építeni a fenntarthatóságot a rendezvények minden aspektusába, és folytatniuk kell az innovatív, zöld megoldások alkalmazását. A cserkészeszme melynek egyik alapköve a fenntarthatóság köré épül, szoros kapcsolatban áll a fenntartható rendezvényszervezés alapelveivel. Ezért a cserkész értékek alkalmazása és integrálása segíthet a rendezvényszervezők számára abban, hogy még inkább környezettudatos, társadalmilag felelős és fenntartható rendezvényeket hozzanak létre. | |
| 695 | |a cserkész | ||
| 695 | |a digitalizáció | ||
| 695 | |a fenntarthatóság | ||
| 695 | |a környezettudatosság | ||
| 695 | |a rendezvényszervezés | ||
| 700 | 1 | |a Hegedüs Sára |e ths | |
| 856 | 4 | 0 | |u http://dolgozattar.uni-bge.hu/60180/1/Fenntarthat%C3%B3s%C3%A1g%20a%20rendezv%C3%A9nyszervez%C3%A9sben.pdf |z Dokumentum-elérés |
| 856 | 4 | 0 | |u http://dolgozattar.uni-bge.hu/60180/2/L%C3%A1possy%20V2025_Projektmunka%20b%C3%ADr%C3%A1latHS.pdf |z Dokumentum-elérés |